LIBRARY & INFORMATION CENTRE, KCAET, TAVANUR

ONLINE PUBLIC ACCESS CATALOGUE (OPAC)

Indiayum Chinayum Akramanavum / (Record no. 702)

MARC details
000 -LEADER
fixed length control field 00277cam a2200109ua 4500
082 ## - DEWEY DECIMAL CLASSIFICATION NUMBER
Classification number 954.04
Item number KRI/IN
100 ## - MAIN ENTRY--AUTHOR NAME
Personal name Krishna Menon, U.K .
245 ## - TITLE STATEMENT
Title Indiayum Chinayum Akramanavum /
260 ## - PUBLICATION, DISTRIBUTION, ETC. (IMPRINT)
Place of publication Kodungallur :
Name of publisher Ramanatha Prabhu ,
Year of publication 1964.
300 ## - PHYSICAL DESCRIPTION
Number of Pages 107 ; .
942 ## - ADDED ENTRY ELEMENTS (KOHA)
Koha item type Books
Holdings
Withdrawn status Lost status Damaged status Home library Current library Date acquired Full call number Accession Number Koha item type
Withdrawn     KAUAET KAUAET 07/04/2012 954.04 10265 Books
Withdrawn     KAUAET Malayalam University 07/04/2012 954.04 9558 Books
free website counter